[Event "Ä11Ï"]
[Site "Loo"]
[Date "2017.04.24"]
[Round "5.8"]
[White "Øåíêåð, Àíãåëèíà."]
[Black "Ãîëèêîâà, Àëèñà."]
[Result "0-1"]
[WhiteElo "1151"]
[BlackElo "1233"]
[PlyCount "68"]
[EventDate "2017.04.20"]

1. e4 d5 2. exd5 Qxd5 3. Nc3 Qa5 4. d4 Nf6 5. Nf3 c6 6. Be2 Bf5 7. O-O e6 8.
Bg5 Be7 9. Ne5 O-O 10. Re1 Rd8 11. Bh5 Nxh5 12. Bxe7 Re8 13. Bd6 Nf6 14. b4 Qb6
15. Na4 Qd8 16. Bxb8 Rxb8 17. Nc5 Qd6 18. Qd2 Red8 19. Rad1 Nd5 20. c4 Nb6 21.
a4 f6 22. Nf3 Nxc4 23. Qc3 Nb6 24. Nh4 Nd5 25. Qf3 Qf4 26. Nxe6 Bxe6 27. Qxf4
Nxf4 28. g3 Nh3+ 29. Kg2 Re8 30. f4 Bg4 31. Rc1 g5 32. fxg5 Nxg5 33. Rf1 Bh3+
34. Kf2 Bxf1 0-1

[Event "Ä11Ï"]
[Site "Loo"]
[Date "2017.04.24"]
[Round "5.9"]
[White "Ãëóøêîâà, Ìèëàíà."]
[Black "Êàëàíäèÿ, Ýêà."]
[Result "1-0"]
[WhiteElo "1231"]
[BlackElo "1184"]
[PlyCount "61"]
[EventDate "2017.04.20"]

1. e4 c5 2. Nf3 e6 3. d4 cxd4 4. Nxd4 a6 5. Bd3 Qc7 6. O-O Nf6 7. Nc3 Be7 8.
Bg5 O-O 9. Re1 d6 10. a4 h6 11. Be3 Nbd7 12. Kh1 Ne5 13. Be2 b6 14. Rf1 Bb7 15.
f3 Nc4 16. Bxc4 Qxc4 17. Nde2 Qc7 18. Ng3 Nd7 19. f4 Nc5 20. f5 Bh4 21. Qg4 g5
22. fxg6 Bg5 23. Bxg5 hxg5 24. g7 Rfe8 25. Nh5 Nd7 26. Qxg5 f6 27. Qg6 Re7 28.
Rxf6 Rae8 29. Raf1 Ra8 30. Rf8+ Rxf8 31. gxf8=Q# 1-0

[Event "Ä11Ï"]
[Site "Loo"]
[Date "2017.04.24"]
[Round "5.11"]
[White "Êîðîáèöûíà, Äàðüÿ."]
[Black "Çàãðåáèíà, Ìàðèíà."]
[Result "1-0"]
[WhiteElo "1143"]
[BlackElo "1214"]
[PlyCount "57"]
[EventDate "2017.04.20"]

1. d4 Nf6 2. Nf3 g6 3. c4 Bg7 4. Bf4 O-O 5. Nc3 d6 6. e4 Nbd7 7. Be2 c5 8. d5
Qb6 9. Qd2 a5 10. O-O Nh5 11. Bg5 Nhf6 12. b3 Re8 13. Rfc1 Ng4 14. h3 Nge5 15.
Nxe5 Bxe5 16. Bh6 Bg7 17. Bxg7 Kxg7 18. Na4 Qb4 19. Qb2+ f6 20. a3 Qxa4 21.
bxa4 b6 22. Bg4 Rb8 23. Bxd7 Bxd7 24. f4 Bxa4 25. e5 Rb7 26. Re1 Rbb8 27. exf6+
exf6 28. Rxe8 Rxe8 29. Qxb6 1-0

[Event "Ä11Ï"]
[Site "Loo"]
[Date "2017.04.24"]
[Round "5.12"]
[White "Òåëåëþõèíà, Åëèçàâåòà."]
[Black "Åëüíèêîâà, Ìèëåíà."]
[Result "0-1"]
[WhiteElo "1214"]
[BlackElo "1134"]
[PlyCount "100"]
[EventDate "2017.04.20"]

1. e4 e6 2. d4 d5 3. Nd2 Nf6 4. Bd3 c5 5. c3 Nc6 6. Ngf3 cxd4 7. cxd4 Bb4 8. e5
Nd7 9. O-O Qb6 10. Nb3 a5 11. a3 Be7 12. a4 f6 13. Be3 fxe5 14. dxe5 Qc7 15.
Bf4 O-O 16. Bg3 b6 17. Re1 Nc5 18. Nxc5 bxc5 19. Rc1 Ba6 20. Bxa6 Rxa6 21. Qd3
Rb6 22. b3 Rfb8 23. Rb1 Nb4 24. Qd2 Nc6 25. Qc2 Rb4 26. h3 Nd4 27. Nxd4 Rxd4
28. Qc3 Bg5 29. Rbd1 Rdb4 30. Rb1 Qb6 31. Kh1 Rxb3 32. Rxb3 Qxb3 33. Qxa5 c4
34. Qc7 Qb6 35. Qxb6 Rxb6 36. f4 Be7 37. Bf2 Ra6 38. Ra1 Bb4 39. Be3 Bc3 40.
Ra3 d4 41. Bc1 Bb4 42. Ra2 c3 43. Ra1 d3 44. Be3 d2 45. Bxd2 cxd2 46. Rd1 Rxa4
47. g3 Ra2 48. Kg2 Rc2 49. Kf1 Rc1 50. Ke2 Kf7 0-1

[Event "Ä11Ï"]
[Site "Loo"]
[Date "2017.04.24"]
[Round "5.13"]
[White "Âîë÷êîâà, Àëåíà."]
[Black "Ïîíîìàðåâà, Âàðâàðà."]
[Result "1-0"]
[WhiteElo "1207"]
[BlackElo "1118"]
[PlyCount "63"]
[EventDate "2017.04.20"]

1. c4 e5 2. Nc3 Nf6 3. g3 Bc5 4. Bg2 Nc6 5. d3 d6 6. Bg5 h6 7. Bxf6 Qxf6 8. Nf3
O-O 9. O-O Qe7 10. Nd5 Qd8 11. a3 Ne7 12. Nc3 f5 13. b4 Bb6 14. e3 f4 15. exf4
exf4 16. d4 a6 17. c5 dxc5 18. dxc5 Qxd1 19. Raxd1 Ba7 20. Rfe1 Nc6 21. Nd5
fxg3 22. hxg3 Bb8 23. Nh4 Bf5 24. Nxf5 Rxf5 25. Bh3 Re5 26. Kg2 Rxe1 27. Rxe1
Nd4 28. Re7 c6 29. Re8+ Kf7 30. Nc7 b6 31. Rd8 Bxc7 32. Rxa8 1-0

[Event "Ä11Ï"]
[Site "Loo"]
[Date "2017.04.24"]
[Round "5.14"]
[White "Ëåãêèõ, Àðèíà."]
[Black "Ìèõàéëîâà, Åêàòåðèíà."]
[Result "1-0"]
[WhiteElo "1202"]
[BlackElo "1053"]
[PlyCount "45"]
[EventDate "2017.04.20"]

1. e4 e5 2. Nf3 Nc6 3. d4 d6 4. Bb5 f6 5. d5 a6 6. Bxc6+ bxc6 7. dxc6 Bg4 8.
Nc3 Ne7 9. Be3 Nxc6 10. h3 Bh5 11. Qd2 Be7 12. g4 Bg6 13. O-O-O O-O 14. Nh4 Bf7
15. Nf5 Nb4 16. b3 c5 17. Bh6 Qa5 18. Kb2 c4 19. Nxe7+ Kh8 20. Bxg7+ Kxg7 21.
Nf5+ Kg8 22. Qh6 Nxa2 23. Qg7# 1-0

[Event "Ä11Ï"]
[Site "Loo"]
[Date "2017.04.24"]
[Round "5.15"]
[White "Õóñíååâà, Àëèíà."]
[Black "Ðàñïàåâà, Äàðüÿ."]
[Result "0-1"]
[WhiteElo "1238"]
[BlackElo "1157"]
[PlyCount "88"]
[EventDate "2017.04.20"]

1. e4 c5 2. Nf3 d6 3. d4 cxd4 4. Nxd4 Nf6 5. Nc3 a6 6. f3 e5 7. Nb3 Be7 8. Be2
O-O 9. O-O b5 10. a3 Bb7 11. Kh1 Nbd7 12. g4 Nb6 13. Na5 Rb8 14. Nxb7 Rxb7 15.
g5 Nfd7 16. h4 Nb8 17. Be3 Nc6 18. Bxb6 Rxb6 19. Nd5 Rb7 20. c3 Qd7 21. Kh2 f5
22. gxf6 Bxf6 23. Qe1 Qe6 24. Qg3 Ne7 25. Rad1 Ng6 26. Nxf6+ Rxf6 27. Rc1 Rf4
28. h5 Rh4+ 29. Kg2 Rxh5 30. Kg1 Nf4 31. Bd1 Nh3+ 32. Kh2 Nf4+ 33. Kg1 Qh6 34.
Kf2 Rg5 35. Bb3+ Kf8 36. Rh1 Qg6 37. Qh4 Rg2+ 38. Kf1 Rb8 39. Qxh7 Rf2+ 40. Ke1
Re2+ 41. Kd1 Rd2+ 42. Ke1 Qg3+ 43. Kxd2 Qf2+ 44. Kd1 Qe2# 0-1

[Event "Ä11Ï"]
[Site "Loo"]
[Date "2017.04.24"]
[Round "5.16"]
[White "Ñèòíîâà, Ìàðãàðèòà."]
[Black "Íîâîñåëîâà, Ñâåòëàíà."]
[Result "1/2-1/2"]
[WhiteElo "1118"]
[BlackElo "1229"]
[PlyCount "81"]
[EventDate "2017.04.20"]

1. e4 c5 2. Nc3 Nc6 3. Bb5 Nd4 4. Bc4 g6 5. Nf3 Bg7 6. Nxd4 cxd4 7. Qf3 e6 8.
Ne2 Ne7 9. d3 Nc6 10. h4 Ne5 11. Qg3 Nxc4 12. dxc4 Qa5+ 13. Bd2 Qc5 14. h5 e5
15. hxg6 hxg6 16. Rxh8+ Bxh8 17. Qh4 Bg7 18. a3 a5 19. b4 Qxc4 20. bxa5 d6 21.
Bb4 Qe6 22. Rd1 Bf6 23. Qg3 Bd7 24. c3 Ra6 25. cxd4 exd4 26. Qd3 d5 27. exd5
Qxd5 28. Nxd4 Qxg2 29. Qe2+ Kd8 30. Qd3 Qg1+ 31. Ke2 Qg4+ 32. Kf1 Qxd4 33. Qxd4
Bxd4 34. Rxd4 Re6 35. Bc3 Ke8 36. Kg2 Bc6+ 37. Kg3 f5 38. Kf4 Kf7 39. Rc4 Re4+
40. Rxe4 Bxe4 41. Kg5 1/2-1/2

[Event "Ä11Ï"]
[Site "Loo"]
[Date "2017.04.24"]
[Round "5.17"]
[White "Ëåêî, Îëüãà."]
[Black "Ñìèðíîâà, Àë¸íà."]
[Result "1-0"]
[WhiteElo "1229"]
[BlackElo "1187"]
[PlyCount "101"]
[EventDate "2017.04.20"]

1. d4 c5 2. d5 e5 3. c4 d6 4. Nc3 Be7 5. g3 Bg5 6. Nf3 Bxc1 7. Rxc1 Nf6 8. Bg2
O-O 9. O-O Bf5 10. a3 a6 11. b4 b6 12. Ne1 Qd7 13. e4 Bh3 14. Nc2 Bxg2 15. Kxg2
Qc7 16. bxc5 bxc5 17. Rb1 Nbd7 18. Ne3 Rab8 19. Qa4 Ra8 20. Qc6 Rfc8 21. Nf5
Kf8 22. Qxd6+ Qxd6 23. Nxd6 Rc7 24. f4 Ng4 25. Kh3 Ngf6 26. fxe5 Nxe5 27. Rf5
Re7 28. Rg1 Rd8 29. Nb7 Rxb7 30. Rxe5 Re7 31. Rxe7 Kxe7 32. e5 Nd7 33. Re1 h6
34. e6 fxe6 35. Rxe6+ Kf7 36. Rxa6 Nb8 37. Ra7+ Kf8 38. Ne4 Nd7 39. Nd6 Ne5 40.
Ra6 Nd7 41. Rc6 Ne5 42. Ra6 Nd7 43. Nb7 Rb8 44. Ra7 Nb6 45. Nxc5 g5 46. Nd7+
Nxd7 47. Rxd7 Ke8 48. Rh7 Rb6 49. c5 Rg6 50. c6 Rd6 51. c7 1-0

[Event "Ä11Ï"]
[Site "Loo"]
[Date "2017.04.24"]
[Round "5.18"]
[White "Àáðàìîâà, Ñîôèÿ."]
[Black "Êîæåâíèêîâà, Àëåíà."]
[Result "0-1"]
[WhiteElo "1117"]
[BlackElo "1422"]
[PlyCount "88"]
[EventDate "2017.04.20"]

1. d4 Nc6 2. d5 Ne5 3. e4 d6 4. Nc3 e6 5. Nge2 Nf6 6. Bg5 Be7 7. Ng3 h6 8. Be3
a6 9. Be2 O-O 10. O-O b5 11. a3 Bd7 12. Re1 Qb8 13. h3 Qb7 14. b3 exd5 15. Nxd5
Nxd5 16. Qxd5 Qxd5 17. exd5 Bf6 18. Rab1 Ng6 19. c4 Nh4 20. c5 Nf5 21. Nxf5
Bxf5 22. Rbc1 Bb2 23. Rcd1 Bxa3 24. cxd6 cxd6 25. Bd3 Bxd3 26. Rxd3 Rfc8 27.
Ra1 b4 28. Bd2 Rc2 29. Rd4 Bb2 30. Ra2 Rac8 31. Rd3 Be5 32. Rxc2 Rxc2 33. g3
Bc3 34. Bxc3 Rxc3 35. Re3 Kf8 36. Kf1 Rc5 37. Rd3 Ke7 38. Ke2 Kd7 39. Ke3 Kc7
40. Ke4 Kb6 41. Rf3 Rc3 42. Rxc3 bxc3 43. Kd3 Kc5 44. Kxc3 Kxd5 0-1

[Event "Ä11Ï"]
[Site "Loo"]
[Date "2017.04.24"]
[Round "5.19"]
[White "Ðàôèêîâà, Àìèíà."]
[Black "Êîðíåâà, Ïîëèíà."]
[Result "1/2-1/2"]
[WhiteElo "1111"]
[BlackElo "1270"]
[PlyCount "87"]
[EventDate "2017.04.20"]

1. e4 e5 2. Nf3 Nc6 3. Bc4 Bc5 4. c3 Nf6 5. d4 exd4 6. cxd4 Bb4+ 7. Nc3 Nxe4 8.
O-O Bxc3 9. d5 Bf6 10. dxc6 O-O 11. Re1 Nd6 12. cxb7 Bxb7 13. Bd3 Re8 14. h3
Rxe1+ 15. Qxe1 Bxf3 16. gxf3 Qe8 17. Bd2 Qxe1+ 18. Rxe1 Bxb2 19. Re7 Rd8 20.
Ba5 Bf6 21. Re2 Rc8 22. Rc2 c6 23. Bb4 Be5 24. Re2 f6 25. Rxe5 fxe5 26. Bxd6
Kf7 27. Bxe5 Ke6 28. Bd4 g6 29. Bxa7 Ra8 30. Be3 d5 31. Kg2 Rxa2 32. Kg3 Ra3
33. Be2 Ra8 34. Kg4 Rd8 35. Bd4 Rc8 36. f4 c5 37. Kg5 Kf7 38. Bg4 h6+ 39. Kxh6
Rc7 40. Be5 Rb7 41. Bf3 Rd7 42. Bg4 Rb7 43. Bf3 Rd7 44. Bg4 1/2-1/2

[Event "Ä11Ï"]
[Site "Loo"]
[Date "2017.04.24"]
[Round "5.20"]
[White "ßêèìîâà, Çëàòà."]
[Black "Ëàáàçíèêîâà, Êñåíèÿ."]
[Result "1-0"]
[WhiteElo "1259"]
[BlackElo "1089"]
[PlyCount "79"]
[EventDate "2017.04.20"]

1. d4 d5 2. c4 e6 3. g3 Nf6 4. Bg2 b6 5. Nf3 Bd6 6. O-O O-O 7. Qc2 Bb7 8. b3
Nbd7 9. Nc3 Qc8 10. Nb5 Be7 11. cxd5 Nxd5 12. e4 N5f6 13. Qxc7 Qxc7 14. Nxc7
Rac8 15. Nb5 a6 16. e5 Nd5 17. Na3 h6 18. Nc4 Rfd8 19. Bd2 Nc7 20. Rac1 b5 21.
Ne3 Ba3 22. Rcd1 Nf8 23. Bc3 b4 24. Be1 Nb5 25. Nc4 Bxf3 26. Bxf3 Nxd4 27. Rd3
Nxf3+ 28. Rxf3 Ng6 29. Re3 Rc5 30. f4 Rd1 31. Bf2 Rxf1+ 32. Kxf1 Ne7 33. Rd3
Rd5 34. Rxd5 exd5 35. Nb6 Kh7 36. Bd4 Kg6 37. Ke2 Kf5 38. Nd7 Ke4 39. Bg1 Nf5
40. Nc5# 1-0

[Event "Ä11Ï"]
[Site "Loo"]
[Date "2017.04.24"]
[Round "5.21"]
[White "Ðîìàíåíêîâà, Åêàòåðèíà."]
[Black "Ãîí÷àðîâà, Ñîôèÿ."]
[Result "0-1"]
[WhiteElo "1233"]
[BlackElo "1034"]
[PlyCount "58"]
[EventDate "2017.04.20"]

1. e4 e5 2. Nf3 Nc6 3. Bc4 Be7 4. b4 Nf6 5. d3 Bxb4+ 6. c3 Ba5 7. O-O d5 8.
exd5 Nxd5 9. Bxd5 Qxd5 10. Ba3 Bg4 11. c4 Qd7 12. Qe2 Nd4 13. Qxe5+ Ne6 14.
Qxa5 Bxf3 15. gxf3 Qxd3 16. Qb4 O-O-O 17. Nc3 Qxf3 18. Ne2 Qxe2 19. f3 Nf4 20.
Qb2 Rd2 21. Qxd2 Qxd2 22. Rf2 Nh3+ 23. Kg2 Qxf2+ 24. Kxh3 Qxf3+ 25. Kh4 g5+ 26.
Kxg5 Rg8+ 27. Kh4 Rg4+ 28. Kh5 Rg2+ 29. Kh4 Qg4# 0-1

[Event "Ä11Ï"]
[Site "Loo"]
[Date "2017.04.24"]
[Round "5.22"]
[White "Âåðâåéí, Åâà."]
[Black "Êóëüêîâà, Äèíà."]
[Result "0-1"]
[WhiteElo "1073"]
[BlackElo "1232"]
[PlyCount "114"]
[EventDate "2017.04.20"]

1. e4 d5 2. exd5 Qxd5 3. Nc3 Qd6 4. Nf3 Nf6 5. d4 a6 6. Bd3 Bg4 7. h3 Bxf3 8.
gxf3 Nc6 9. Be3 O-O-O 10. Bc4 e6 11. Qd2 Nxd4 12. Bxd4 Qxd4 13. Qxd4 Rxd4 14.
Bb3 Rf4 15. Ke2 Bc5 16. Rhg1 Rg8 17. Rad1 Rh4 18. Rh1 Rh6 19. Ne4 Nxe4 20. fxe4
Rg6 21. Rd3 Rd8 22. Rhd1 Rxd3 23. Rxd3 Bd6 24. a3 Kd7 25. Ke3 Rf6 26. e5 Rh6
27. exd6 Rxh3+ 28. Ke2 Rxd3 29. cxd3 Kxd6 30. Ke3 Ke5 31. f4+ Kf5 32. Kf3 f6
33. d4 e5 34. Bc2+ Ke6 35. dxe5 fxe5 36. fxe5 Kxe5 37. Bxh7 Kf6 38. Ke4 g6 39.
Bxg6 Kxg6 40. Kd5 Kf7 41. b4 Ke7 42. a4 Kd7 43. b5 a5 44. Kc5 b6+ 45. Kd5 Kd8
46. Kc6 Kc8 47. Kd5 Kb7 48. Kc4 c5 49. bxc6+ Kxc6 50. Kb3 Kc5 51. Kc3 Kd5 52.
Kb3 Kd4 53. Ka3 Kc4 54. Ka2 Kb4 55. Kb2 Kxa4 56. Ka2 Kb4 57. Kb2 a4 0-1

[Event "Ä11Ï"]
[Site "Loo"]
[Date "2017.04.24"]
[Round "5.24"]
[White "Äàðìàåâà, Íîìèíà."]
[Black "Áóäðèíà, Ìàðèíà."]
[Result "1-0"]
[WhiteElo "1047"]
[BlackElo "1213"]
[PlyCount "85"]
[EventDate "2017.04.20"]

1. e4 e5 2. Nf3 Nc6 3. Bc4 Bc5 4. Nc3 Nf6 5. d3 d6 6. h3 Be6 7. Bb3 d5 8. exd5
Nxd5 9. Nxd5 Bxd5 10. Be3 Bb6 11. Ba4 Qd7 12. Nxe5 Qd6 13. Nxc6 Bxc6 14. Bxc6+
Qxc6 15. Bxb6 Qxb6 16. b3 Qe6+ 17. Qe2 Qxe2+ 18. Kxe2 Kd7 19. Kd2 Rae8 20. Rae1
f6 21. Re3 Rxe3 22. fxe3 Re8 23. Rf1 Re5 24. Rf4 Ke6 25. g4 g5 26. Rd4 f5 27.
Rd8 fxg4 28. hxg4 Rd5 29. Rxd5 Kxd5 30. Ke2 c5 31. c3 b5 32. e4+ Ke5 33. Ke3 a5
34. d4+ cxd4+ 35. cxd4+ Kf6 36. e5+ Ke6 37. Ke4 h5 38. gxh5 b4 39. h6 Kf7 40.
Kf5 g4 41. Kxg4 Kg6 42. e6 Kxh6 43. e7 1-0

[Event "Ä11Ï"]
[Site "Loo"]
[Date "2017.04.24"]
[Round "5.25"]
[White "Ïåòðîâà, Âàðâàðà."]
[Black "Êó÷èíà, Àëåêñàíäðà."]
[Result "1-0"]
[WhiteElo "1210"]
[BlackElo "1004"]
[PlyCount "93"]
[EventDate "2017.04.20"]

1. d4 d5 2. c4 e6 3. Nf3 Nf6 4. e3 Be7 5. Bd3 O-O 6. O-O b6 7. Nc3 Bb7 8. Qe2
c5 9. Rd1 Nc6 10. dxc5 Bxc5 11. cxd5 exd5 12. Bc2 Re8 13. Bb3 Ne7 14. Qd3 Qd7
15. Ba4 Bc6 16. Ne5 Qd6 17. Nxc6 Nxc6 18. Bxc6 Qxc6 19. Nxd5 Nxd5 20. Qxd5 Rad8
21. Qb3 Qe6 22. Rxd8 Rxd8 23. Kf1 Qh6 24. h3 Qd6 25. g3 Qc6 26. Ke2 Qh6 27. h4
Qc6 28. Bd2 Qd7 29. Rd1 Qg4+ 30. Ke1 h5 31. Bc3 Rxd1+ 32. Qxd1 Qf5 33. a3 a5
34. Qd2 Qb1+ 35. Ke2 Qf5 36. Qd8+ Kh7 37. Qd3 Qxd3+ 38. Kxd3 g6 39. Ke4 Kg8 40.
Kf4 Bd6+ 41. Ke4 Bc5 42. Bd4 f5+ 43. Kd5 Kf7 44. Bxc5 bxc5 45. Kxc5 Ke7 46. Kd5
Kf6 47. b4 1-0

[Event "Ä13Ï"]
[Site "Loo"]
[Date "2017.04.24"]
[Round "5.1"]
[White "Õàéáóëëèíà, Ðàóøàíà."]
[Black "Ä¸ìèíîâà, Ìàðèÿ."]
[Result "1-0"]
[WhiteElo "1750"]
[BlackElo "1526"]
[PlyCount "83"]
[EventDate "2017.04.20"]

1. d4 Nf6 2. c4 e6 3. g3 d5 4. Nf3 Be7 5. Bg2 O-O 6. Qc2 dxc4 7. Qxc4 a6 8. O-O
b5 9. Qc2 Bb7 10. Bf4 Nc6 11. Nc3 Nb4 12. Qb3 c5 13. dxc5 Bxc5 14. Rfd1 Qb6 15.
e3 Nfd5 16. Be5 Nxc3 17. bxc3 Bd5 18. cxb4 Bxb3 19. bxc5 Qxc5 20. axb3 Rfd8 21.
Rdc1 Qf8 22. Nd4 Rac8 23. Nc6 Rd7 24. Bd4 Rcc7 25. Rxa6 Qc8 26. Rca1 Rxd4 27.
exd4 Qxa6 28. Rxa6 g6 29. Rb6 Kg7 30. Rxb5 Rc8 31. Rb7 Ra8 32. Rxf7+ Kxf7 33.
Ne5+ Kf6 34. Bxa8 h5 35. b4 g5 36. b5 h4 37. b6 h3 38. b7 g4 39. b8=Q Kf5 40.
Qf8+ Kg5 41. Qg7+ Kh5 42. Qg6# 1-0

[Event "Ä13Ï"]
[Site "Loo"]
[Date "2017.04.24"]
[Round "5.2"]
[White "Âîëêîâà, Àëèíà."]
[Black "Æóðîâà, Àííà."]
[Result "1/2-1/2"]
[WhiteElo "1583"]
[BlackElo "1843"]
[PlyCount "98"]
[EventDate "2017.04.20"]

1. d4 Nf6 2. Nf3 d5 3. c4 e6 4. Nc3 Nbd7 5. Qc2 Be7 6. Bf4 c6 7. e4 dxe4 8.
Nxe4 Nxe4 9. Qxe4 Nf6 10. Qc2 O-O 11. Bd3 c5 12. dxc5 Qa5+ 13. Bd2 Qxc5 14. Bc3
h6 15. O-O-O b5 16. cxb5 Bb7 17. Bxf6 gxf6 18. Kb1 Qxc2+ 19. Bxc2 Rfd8 20. Nd4
Rac8 21. Nc6 Bxc6 22. bxc6 Rxc6 23. Rxd8+ Bxd8 24. Rd1 Bb6 25. f3 Rc5 26. g4 h5
27. h3 Kg7 28. Be4 Kh6 29. Rd7 Rc7 30. Rxc7 Bxc7 31. Bc6 h4 32. Be8 Kg5 33.
Bxf7 e5 34. Kc2 Kf4 35. Kd3 Kxf3 36. Bg6 Bb6 37. Bf5 Be3 38. b4 Bc1 39. a4 Ba3
40. b5 Bb4 41. Kc4 Ba5 42. Kd3 Kg2 43. g5 fxg5 44. Ke4 Bc3 45. Bg4 Kf2 46. a5
Bxa5 47. Kxe5 Bc7+ 48. Kf5 Bf4 49. Ke4 Ke1 1/2-1/2

[Event "Ä13Ï"]
[Site "Loo"]
[Date "2017.04.24"]
[Round "5.3"]
[White "Òîëñòûõ, Àðèíà."]
[Black "Ñèäîðîâà, Àëåíà."]
[Result "0-1"]
[WhiteElo "1439"]
[BlackElo "1506"]
[PlyCount "160"]
[EventDate "2017.04.20"]

1. d4 d5 2. c4 e6 3. Nc3 c5 4. cxd5 exd5 5. Nf3 Nc6 6. g3 Nf6 7. Bg2 Be7 8. O-O
O-O 9. dxc5 Bxc5 10. Na4 Be7 11. Nd4 h6 12. h3 Qd7 13. Be3 Ne4 14. Nxc6 Qxc6
15. Rc1 Qe6 16. Bc5 Ng5 17. h4 Nh3+ 18. Bxh3 Qxh3 19. Bxe7 Re8 20. Bd6 Bf5 21.
Nc3 Re6 22. Nxd5 Be4 23. f3 Bxd5 24. Qxd5 Rd8 25. Qc5 Rdxd6 26. Qf2 Rg6 27. g4
f5 28. Qh2 fxg4 29. Qxh3 gxh3+ 30. Kh2 Rg2+ 31. Kxh3 Rdg6 32. h5 R6g3+ 33. Kh4
g5+ 34. hxg6 Rxg6 35. Rc8+ Kf7 36. Rc7+ Ke8 37. Kh5 R2g5+ 38. Kh4 Rg2 39. Kh5
R2g5+ 40. Kh4 Rg2 41. Rh1 Rb6 42. b3 Rxe2 43. Rd1 Rxa2 44. Rdd7 Rxb3 45. Rh7
Kd8 46. Rcg7 Re2 47. Rd7+ Kc8 48. Rc7+ Kb8 49. Rcf7 a5 50. Rf8+ Ka7 51. Rhh8
Re6 52. f4 Rb4 53. Kg3 a4 54. f5 Rc6 55. Re8 Rc3+ 56. Kf2 Rf4+ 57. Ke2 Rxf5 58.
Ra8+ Kb6 59. Rxa4 Rc6 60. Rh4 Re5+ 61. Kd3 Rd5+ 62. Ke3 Rdd6 63. Rh5 Ka7 64.
Rh7 Kb6 65. Rh1 Rc5 66. R7xh6 Rxh6 67. Rxh6+ Kb5 68. Kd4 b6 69. Rh1 Rc4+ 70.
Kd3 Rb4 71. Kc3 Rg4 72. Rb1+ Kc5 73. Kd3 b5 74. Rc1+ Kd5 75. Rb1 b4 76. Rb3 Kc5
77. Kc2 Kc4 78. Rb2 b3+ 79. Kd2 Rg1 80. Ke3 Kc3 0-1

[Event "Ä13Ï"]
[Site "Loo"]
[Date "2017.04.24"]
[Round "5.4"]
[White "Âèòþãîâà, ßðîñëàâà."]
[Black "Àëèìîâà, Äàíà."]
[Result "1-0"]
[WhiteElo "1509"]
[BlackElo "1388"]
[PlyCount "135"]
[EventDate "2017.04.20"]

1. e4 c5 2. c3 d5 3. exd5 Qxd5 4. d4 Nf6 5. Nf3 e6 6. Bd3 Nc6 7. O-O Be7 8. Bc2
O-O 9. Bg5 Rd8 10. Qd3 g6 11. Rd1 b6 12. Qd2 Bb7 13. Qf4 Nh5 14. Qh4 Bxg5 15.
Nxg5 Nxd4 16. Ne4 f5 17. cxd4 fxe4 18. Nc3 Qd7 19. dxc5 Qc7 20. cxb6 Qxb6 21.
Rxd8+ Rxd8 22. Rd1 Rxd1+ 23. Nxd1 Bd5 24. b3 Qc6 25. Ne3 a6 26. Qd8+ Kg7 27.
Qe7+ Kg8 28. Qg5 Ng7 29. g4 Kf7 30. Qe5 Kg8 31. Qd4 Ne8 32. Nc4 Bxc4 33. Qxc4
Qxc4 34. bxc4 Nc7 35. Bxe4 Kg7 36. g5 e5 37. Kf1 h6 38. gxh6+ Kxh6 39. Ke2 Ne6
40. Bd5 Nc5 41. Ke3 Kg5 42. Be4 a5 43. a3 Kf6 44. f4 exf4+ 45. Kxf4 g5+ 46. Ke3
Ke5 47. Bc2 Ne6 48. Kd3 Nc5+ 49. Kc3 Ne6 50. c5 Nxc5 51. Kc4 Nb7 52. Kb5 Kf4
53. h3 g4 54. hxg4 Kxg4 55. a4 Kf4 56. Kb6 Nd6 57. Kxa5 Ke5 58. Kb6 Nc4+ 59.
Kc5 Na5 60. Kb5 Nb7 61. Kb6 Nd6 62. Bd3 Kd5 63. a5 Ne8 64. a6 Kd6 65. a7 Nc7
66. Kb7 Kd7 67. Bb5+ Nxb5 68. a8=Q 1-0

[Event "Ä13Ï"]
[Site "Loo"]
[Date "2017.04.24"]
[Round "5.5"]
[White "Ìèõàéëèíà, Åëåíà."]
[Black "Íàçàðîâà, Àíàñòàñèÿ."]
[Result "1/2-1/2"]
[WhiteElo "1641"]
[BlackElo "1344"]
[PlyCount "133"]
[EventDate "2017.04.20"]

1. e4 c5 2. Nf3 a6 3. d4 cxd4 4. Nxd4 Nf6 5. Nc3 e5 6. Nde2 Bb4 7. a3 Bc5 8. b4
Ba7 9. h3 Nc6 10. g3 Qb6 11. Be3 Nd4 12. Bg2 Qc7 13. Qd3 Nxe2 14. Kxe2 Bxe3 15.
Qxe3 O-O 16. Rhd1 d6 17. Rd2 Be6 18. Rad1 Bc4+ 19. Ke1 Rfd8 20. Bf1 Be6 21. Rc1
Qd7 22. Rcd1 Qc7 23. Nd5 Nxd5 24. exd5 Bf5 25. c4 Rac8 26. Rc1 b6 27. g4 Bg6
28. Bd3 e4 29. Be2 f5 30. Kf1 Rf8 31. gxf5 Bxf5 32. Bg4 Bxg4 33. hxg4 b5 34.
Qxe4 bxc4 35. Rdc2 Qb6 36. Qe2 Rxf2+ 37. Qxf2 Rf8 38. Qxf8+ Kxf8 39. Rxc4 Qb5
40. Kg1 Qxd5 41. Rc8+ Kf7 42. R1c7+ Kg6 43. Rd8 Qd4+ 44. Kh1 Qe4+ 45. Kh2 Qf4+
46. Kh1 d5 47. Rdd7 Qf1+ 48. Kh2 Qf2+ 49. Kh3 Qe3+ 50. Kh2 Qe5+ 51. Kg2 Qb2+
52. Kh1 Qb1+ 53. Kh2 Qb2+ 54. Kh1 Qa1+ 55. Kh2 Qe5+ 56. Kh3 Qe3+ 57. Kh2 Qxa3
58. Rxg7+ Kf6 59. Rce7 Qxb4 60. Rgf7+ Kg6 61. Rg7+ Kf6 62. Rgf7+ Kg5 63. Rg7+
Kf4 64. Rgf7+ Kxg4 65. Rg7+ Kf5 66. Rgf7+ Kg6 67. Rg7+ 1/2-1/2

[Event "Ä13Ï"]
[Site "Loo"]
[Date "2017.04.24"]
[Round "5.6"]
[White "Òàðèåëàøâèëè, Äèàíà."]
[Black "Äåäóøèíñêàÿ, Àííà."]
[Result "1-0"]
[WhiteElo "1608"]
[BlackElo "1482"]
[PlyCount "71"]
[EventDate "2017.04.20"]

1. e4 e6 2. d4 d5 3. exd5 exd5 4. Nf3 Bd6 5. c4 dxc4 6. Bxc4 Ne7 7. O-O Bg4 8.
h3 Bh5 9. Nc3 Nbc6 10. g4 Bg6 11. Re1 f6 12. a3 Rf8 13. Qa4 f5 14. Ng5 Qd7 15.
Be6 Qd8 16. d5 h6 17. dxc6 Nxc6 18. Bxf5+ Be7 19. Bxg6+ Kd7 20. Ne6 Qc8 21.
Nxf8+ Qxf8 22. Bf5+ Kd8 23. Bf4 g6 24. Bxg6 Kc8 25. Nd5 Bc5 26. Bf5+ Qxf5 27.
gxf5 Kd7 28. Nxc7 Rg8+ 29. Kf1 b5 30. Qxb5 a6 31. Qxc5 Ne5 32. Red1+ Kc8 33.
Nxa6+ Kb7 34. Qxe5 Rg1+ 35. Kxg1 h5 36. Qc7+ 1-0

[Event "Ä13Ï"]
[Site "Loo"]
[Date "2017.04.24"]
[Round "5.7"]
[White "Òèìîôååâà, Þëèÿ."]
[Black "Ñèò÷èõèíà, Ìèëàíà."]
[Result "0-1"]
[WhiteElo "1427"]
[BlackElo "1592"]
[PlyCount "88"]
[EventDate "2017.04.20"]

1. e4 c5 2. c3 d5 3. exd5 Qxd5 4. d4 Nf6 5. Nf3 Bg4 6. Be2 e6 7. O-O Nc6 8. Be3
c4 9. Nbd2 b5 10. a4 b4 11. Bxc4 Qd6 12. cxb4 Nxb4 13. Bb5+ Nd7 14. h3 Bh5 15.
g4 Bg6 16. Ne5 Rd8 17. Bxd7+ Rxd7 18. Nxd7 Qxd7 19. Nf3 f6 20. Qb3 Bd6 21. Bd2
Bc2 22. Qe3 Nd5 23. Qe2 O-O 24. Rfe1 Re8 25. Qb5 Qd8 26. Qc4 Bg6 27. b4 Qe7 28.
b5 Kf7 29. Be3 Bf4 30. Nd2 Qd6 31. Qc5 Bh2+ 32. Kh1 Qb8 33. Qa3 Bd6 34. Qb3 Qb7
35. Kg1 Nb4 36. Nc4 Be7 37. Rec1 Be4 38. Bd2 Nd3 39. Rc3 Bh1 40. Ne3 Nf4 41.
Kf1 Qf3 42. Qd1 Qxh3+ 43. Ke1 Bf3 44. Qxf3 Qxf3 0-1

[Event "Ä13Ï"]
[Site "Loo"]
[Date "2017.04.24"]
[Round "5.8"]
[White "Áàäìàåâà, Ýëüçÿòà."]
[Black "Àôîíàñüåâà, Âàëåðèÿ."]
[Result "1-0"]
[WhiteElo "1369"]
[BlackElo "1498"]
[PlyCount "99"]
[EventDate "2017.04.20"]

1. e4 c6 2. d4 d5 3. exd5 cxd5 4. Bd3 Nc6 5. c3 Qc7 6. h3 g6 7. Nf3 Bg7 8. O-O
Nf6 9. Be3 O-O 10. Qd2 a6 11. Bh6 b5 12. Bxg7 Kxg7 13. Qc2 Bb7 14. Nbd2 Rac8
15. Qd1 Na5 16. Qc1 Nc4 17. Re1 Rfe8 18. Nf1 Nh5 19. Ne5 f6 20. Ng4 Qf4 21. Qc2
Qg5 22. g3 f5 23. f4 Nxf4 24. gxf4 Qxf4 25. Ngh2 Qg5+ 26. Kh1 e5 27. Qf2 e4 28.
Be2 e3 29. Qf3 Re4 30. Ng3 Rf4 31. Qg2 Nxb2 32. Nh5+ Kh6 33. Nxf4 Qxf4 34. Rf1
Qg5 35. Ng4+ Kg7 36. Rac1 Na4 37. Ne5 Qxg2+ 38. Kxg2 Nxc3 39. Rc2 Nxe2 40. Rxe2
Rc3 41. Rf3 Rc1 42. Rfxe3 Rc7 43. Nf3 Kf6 44. Re6+ Kf7 45. Ng5+ Kf8 46. Re8+
Kg7 47. R8e7+ Rxe7 48. Rxe7+ Kh6 49. h4 Kh5 50. Kh3 1-0

[Event "Ä13Ï"]
[Site "Loo"]
[Date "2017.04.24"]
[Round "5.9"]
[White "Î÷èðîâà, Àíèòà."]
[Black "Ïàõîìîâà, Òàòüÿíà."]
[Result "1-0"]
[WhiteElo "1635"]
[BlackElo "1394"]
[PlyCount "108"]
[EventDate "2017.04.20"]

1. e4 e5 2. Nf3 Nc6 3. Nc3 Nf6 4. Bb5 Bb4 5. O-O O-O 6. Bxc6 bxc6 7. d3 Bxc3 8.
bxc3 d6 9. Bg5 Bg4 10. h3 Bh5 11. g4 Bg6 12. Re1 Qe7 13. Qd2 Qe6 14. Nh2 h5 15.
f4 exf4 16. Qxf4 Nd7 17. Nf3 hxg4 18. Qxg4 Qxg4+ 19. hxg4 f6 20. Be3 a6 21. c4
c5 22. Rab1 Rab8 23. Rb3 Rxb3 24. cxb3 Nb8 25. Kg2 Nc6 26. a3 Rb8 27. Rb1 a5
28. Bd2 Be8 29. Bc3 Bg6 30. Kf2 Kf7 31. Rb2 Ke6 32. Nh4 Bh7 33. Ng2 g5 34. Ne3
Ne5 35. Ke2 c6 36. Bxa5 Ra8 37. b4 cxb4 38. axb4 c5 39. Nd5 Kf7 40. Ne3 Ke6 41.
Rc2 Bg6 42. Nd5 Rh8 43. b5 Rh2+ 44. Kd1 Rh1+ 45. Kd2 Nxg4 46. b6 Rh2+ 47. Kc3
Rxc2+ 48. Kxc2 Ne5 49. b7 Nd7 50. Bc7 f5 51. exf5+ Bxf5 52. b8=Q Nxb8 53. Bxb8
g4 54. Ne3 g3 1-0